[Event "Quebec-ch U10"]
[Site "Montreal"]
[Date "2014.01.18"]
[Round "3"]
[White "Demers, Alexis"]
[Black "Goga, Flavia Maria"]
[Result "1-0"]
[WhiteElo "1177"]
[BlackElo "922"]
[PlyCount "63"]
[EventDate "2014.01.18"]
[EventType "swiss"]
[EventRounds "5"]
[EventCountry "CAN"]
[SourceTitle "EXT 2022"]
[Source "ChessBase"]
[SourceDate "2021.10.06"]
[SourceVersion "1"]
[SourceVersionDate "2021.10.06"]
[SourceQuality "1"]

1. d4 d5 2. c4 dxc4 3. e4 Be6 4. d5 Bd7 5. Bxc4 Nf6 6. e5 Ne4 7. a4 e6 8. f3 exd5 9. Qxd5 Ng5 10. Bxg5 Qxg5 11. Qxf7+ Kd8 12. f4 Qh4+ 13. g3 Qe7 14. Qxe7+ Bxe7 15. Nf3 Bc6 16. Kf2 Bb4 17. Rd1+ Bd7 18. e6 Bc5+ 19. Kg2 h6 20. exd7 Nxd7 21. Ne5 Ke8 22. Rxd7 Kf8 23. Ng6+ Ke8 24. Rxg7 Rf8 25. Nxf8 Kxf8 26. Rg8+ Ke7 27. Rxa8 Bd4 28. Nc3 Bxc3 29. Rd1 a6 30. Rad8 Ba5 31. R1d7+ Kf6 32. Rf8+ 1-0